| 000 | 01125cam a22003497a 4500 | ||
|---|---|---|---|
| 003 | CHAP | ||
| 005 | 20220817042153.0 | ||
| 008 | 971013s1975 r 00010 d | ||
| 010 | _a36633 | ||
| 011 | _a37605 | ||
| 035 | _a41725 | ||
| 040 | _cCHAP | ||
| 082 |
_a632.94 _bF3 |
||
| 110 | _aFAO | ||
| 245 | 1 | 3 | _aEl empleo de aeronaves en la agricultura |
| 260 |
_aRoma : _bFAO, _c1975 |
||
| 300 |
_a227 p. _b: ilus. ; gráfs. |
||
| 490 | 0 |
_aFAO. Cuadernos de fomento agropecuario _v; 94 |
|
| 590 |
_aBATCH-UPD _b10 _c20130109 _lUCH01 _h2333 |
||
| 590 |
_aBATCH-UPD _b10 _c20130110 _lUCH01 _h1918 |
||
| 590 |
_aBATCH-UPD _b10 _c20130410 _lUCH01 _h1244 |
||
| 590 |
_aBATCH-UPD _b10 _c20130913 _lUCH01 _h2339 |
||
| 590 |
_aCONVERSION _b10 _c20130109 _lUCH01 _h1320 |
||
| 650 | 1 | 4 |
_aAviación en agricultura. _98698 |
| 700 | 0 |
_aAkesson, Norman B. _93279 |
|
| 700 | 0 |
_aYates, Wesley E. _9123020 |
|
| 830 | 0 |
_aFAO. Cuadernos de fomento agropecuario _v; 94 _939507 |
|
| 901 | _aBK | ||
| 942 | _cLIBRO | ||
| 949 |
_a632.94 F3 _bBC _cFAO _d-95914 _eFAO1 _h37814 _i41725 _si |
||
| 949 |
_a632.94 F3 _bBC _cFAO _d-95915 _eFAO2 _fc.2 _h62034 _i41725 _si |
||
| 999 |
_c36633 _d36633 |
||